000 00447pab a2200157 454500
008 180718b1997 xxu||||| |||| 00| 0 eng d
100 _aPandey, Vikash N.
245 _aPeasants, subsistence and the dairy cooperative in dry land: a fragile existence
260 _c1997
300 _ap.A98-105
362 _a27 Sep-3 Oct
650 _aCooperatives
700 _aPathak, Akhileshwar
773 _aEconomic and Political Weekly
909 _a35482
999 _c35482
_d35482